000 02575cam a2200469 i 4500
001 200468115
003 TR-AnTOB
005 20260414160151.0
007 ta
008 260414t19781978nju b 000 0 eng
010 _a 77012699
020 _a0137447140
020 _a9780137447145
020 _a013744706X
_q(paperback)
020 _a9780137447060
035 _a(CU-S)b16195553-01ucs_sdi
035 _a(OCoLC)03275428
_z(OCoLC)995015642
_z(OCoLC)1114260643
_z(OCoLC)1153724225
035 _a(OCoLC)ocm03275428
035 _a(EXLNZ-01UCS_NETWORK)9912398193606531
035 _a(TR-AnTOB)200468115
040 _aDLC
_beng
_erda
_cDLC
_dMUQ
_dLAS
_dBTCTA
_dAU@
_dNLE
_dGBVCP
_dFER
_dLTU
_dHEBIS
_dYDXCP
_dDEBBG
_dOG#
_dEUM
_dOCLCO
_dOCLCQ
_dOCLCF
_dCNUTO
_dDHA
_dOCLCQ
_dOCLCO
_dOCLCQ
_dTYC
_dOCLCQ
_dBOS
_dOCLCQ
_dUWK
_dOCLCA
_dRDF
_dNIU
_dOCLCQ
_dCPO
_dOCLCQ
_dCBA
_dOCLCQ
_dWTV
_dOCLCO
_dYBM
_dOCLCO
_dOCL
_dOCLCO
_dOCLCL
_dOCLCQ
_dOCLCL
_dYBM
_dOCLCL
_dOCLCQ
_dOCLCO
_dTR-AnTOB
041 0 _aeng
050 0 0 _aPS3566.Y55
_bZ8 1978
090 _aPS3566.Y55
_bZ8 1978
245 0 0 _aPynchon :
_ba collection of critical essays /
_cedited by Edward Mendelson.
264 1 _aEnglewood Cliffs, N.J. :
_bPrentice-Hall,
_c1978.
264 4 _c©1978
300 _aviii, 225 pages ;
_c21 cm
336 _atext
_btxt
_2rdacontent
337 _aunmediated
_bn
_2rdamedia
338 _avolume
_bnc
_2rdacarrier
386 _aUniversity and college faculty members
_2lcdgt
490 0 _aTwentieth century views.
490 0 _aA Spectrum book
504 _aBIB
505 0 0 _gIntroduction /
_rEdward Mendelson --
_tV. and V-2 /
_rTony Tanner --
_tA matter of gravity /
_rF.S. Schwarzbach --
_gA reply /
_rJonathan Rosenbaum --
_t"Entropy" and other calamities /
_rJoseph W. Slade --
_tAn anarchist miracle : the novels of Thomas Pynchon /
_rRobert Sklar --
_tPynchon's tapestries on the Western wall /
_rRober B. Henkle --
_tThe sacred, the profane, and The crying of lot 49 /
_rEdward Mendelson --
_tPynchon's Paraclete /
_rJames Nohrnberg --
_tDecoding the Trystero /
_rFrank Kermode --
_tGravity's rainbow : three reviews -- Rocket Power/
_rRichard Poirier --
_tV-2 /
_rGeorge Levine --
_gReview for Scientific American /
_rPhilip Morrison --
_tThe satiric plots of Gravity's rainbow /
_rMichael Seidel --
_tThe Brigadier remembers /
_rPaul Fussell.
600 1 0 _aPynchon, Thomas
_xCriticism and interpretation
_9153650
700 1 _aMendelson, Edward
_eeditor
_4edt
_ewriter of introduction
_4win
_0http://id.loc.gov/authorities/names/n50036975
_9153664
942 _2lcc
_cBK
999 _c200468115
_d86327